Available copies
- 1 of 2 copies available at LARL/NWRL Consortium.
- 1 of 2 copies available at Lake Agassiz Regional Library. (Show preferred library)
Current holds
0 current holds with 2 total copies.
Show Only Available Copies
| Location | Call Number / Copy Notes | Barcode | Shelving Location | Status | Due Date |
|---|---|---|---|---|---|
| Detroit Lakes Public Library | THO (Text) | 33500014386510 | New | Available | - |
| Moorhead Public Library | THO (Text) | 33500014386528 | New | Checked out | 07/13/2026 |
Record details
- ISBN: 9780593979761
- ISBN: 0593979761
- Physical Description: 366 pages ; 22 cm
- Edition: First edition.
- Publisher: New York : Random House, [2026]
- Copyright: ©2026
Content descriptions
| Summary, etc.: | "A wickedly funny, adrenaline-rush of a novel ... Read More |
Search for related items by subject
| Genre: | Black humor. Thrillers (Fiction) Novels. Fiction. |
| LDR | 03778cam a22006738i 4500 | ||
|---|---|---|---|
| 001 | 485043 | ||
| 003 | LARL_NWRL_CONSORTIUM | ||
| 005 | 20260529210847.0 | ||
| 008 | 250818t20262026nyu e 000 1 eng | ||
| 007 | ta | ||
| 010 | . | ‡a 2025037593 | |
| 040 | . | ‡aDLC ‡beng ‡erda ‡cDLC ‡dIG# ‡dBDX ‡dYDX ‡dOCLCO ‡dCWJ ‡dGP5 ‡dOCLCO ‡dRNL ‡dGSC ‡dIH9 ‡dOCLCO ‡dCLE ‡dIMT | |
| 019 | . | ‡a1539058409 | |
| 020 | . | ‡a9780593979761 ‡q(hardcover) | |
| 020 | . | ‡a0593979761 ‡q(hardcover) | |
| 020 | . | ‡z9780593979785 ‡qebook | |
| 035 | . | ‡a(OCoLC)1533705041 ‡z(OCoLC)1539058409 | |
| 042 | . | ‡apcc | |
| 082 | 0 | 4. | ‡a823/.92 ‡223/eng/20260518 |
| 100 | 1 | . | ‡aThompson, Imani, ‡eauthor. ‡1http://id.loc.gov/rwo/agents/n2025507630 |
| 245 | 1 | 0. | ‡aHoney / ‡cImani Thompson. |
| 250 | . | ‡aFirst edition. | |
| 264 | 1. | ‡aNew York : ‡bRandom House, ‡c[2026] | |
| 264 | 4. | ‡c©2026 | |
| 300 | . | ‡a366 pages ; ‡c22 cm | |
| 334 | . | ‡asingle unit ‡bmono | |
| 336 | . | ‡atext ‡btxt ‡2rdacontent | |
| 337 | . | ‡aunmediated ‡bn ‡2rdamedia | |
| 338 | . | ‡avolume ‡bnc ‡2rdacarrier | |
| 520 | . | ‡a"A wickedly funny, adrenaline-rush of a novel about a graduate student who murders bad men and justifies it in the name of feminism, by a bold new voice in fiction Yrsa is in a funk. She's bored of her PhD program, bored of her research on Afropessimism, bored of the entitled undergrads she has to cater to. But most of all, she's bored of the men in her life-especially the bad ones. When her best friend, Nina, confesses to having an affair with her professor, and that he's stolen her research, Yrsa is mad. On the quad, Yrsa bumps into the professor and witnesses his death: an unfortunate incident involving his San Pelligrino and a bee allergy. What she sees that afternoon awakens something in her: a taste for murder. Emboldened, Yrsa decides to chase that high, and soon, no sexist, misbehaving man within commuting distance is safe. With each murder, Yrsa feels a greater sense of meaning and purpose-finally, her doctoral research feels useful. But how long can killing in the name of feminist and racial solidarity justify her actions? Will her rampage ever assuage her feelings of rage and revenge? And how long until her actions-and buried family secrets-come back to haunt her?"-- ‡cProvided by publisher. | |
| 650 | 0. | ‡aMan-woman relationships ‡vFiction. ‡0(LARL_NWRL_CONSORTIUM)165985 | |
| 650 | 0. | ‡aFriendship ‡vFiction. ‡0(LARL_NWRL_CONSORTIUM)164944 | |
| 650 | 0. | ‡aFeminism ‡vFiction. ‡0(LARL_NWRL_CONSORTIUM)169387 | |
| 650 | 0. | ‡aWomen graduate students ‡vFiction. | |
| 650 | 0. | ‡aGood and evil ‡vFiction. ‡0(LARL_NWRL_CONSORTIUM)165509 | |
| 650 | 0. | ‡aRevenge ‡vFiction. ‡0(LARL_NWRL_CONSORTIUM)167017 | |
| 650 | 0. | ‡aFamily secrets ‡vFiction. ‡0(LARL_NWRL_CONSORTIUM)164948 | |
| 650 | 0. | ‡aMurder ‡vFiction. ‡0(LARL_NWRL_CONSORTIUM)165989 | |
| 655 | 7. | ‡aBlack humor. ‡2lcgft | |
| 655 | 7. | ‡aThrillers (Fiction) ‡2lcgft | |
| 655 | 7. | ‡aNovels. ‡2lcgft | |
| 655 | 7. | ‡aFiction. ‡2lcgft | |
| 758 | . | ‡1http://id.loc.gov/resources/instances/in00024305046 | |
| 758 | . | ‡4http://id.loc.gov/ontologies/bibframe/instanceOf ‡1http://id.loc.gov/resources/works/in00024305046 | |
| 776 | 0 | 8. | ‡iOnline version ‡4http://id.loc.gov/entities/relationships/onlineversion ‡aThompson, Imani ‡tHoney ‡bFirst edition ‡dNew York, NY : Random House, 2026 ‡z9780593979785 ‡w(DLC) 2025037594 |
| 884 | . | ‡aDLC bibframe2marc v3.0-dev ‡g20250818 ‡qDLC ‡uhttps://github.com/lcnetdev/bibframe2marc/tree/v3.0-dev | |
| 901 | . | ‡a485043 ‡bOCoLC ‡c485043 ‡tbiblio ‡soclc | |

Add to basket
Permalink
Enable Highlighting